Online
Catalog

Manual para la prevención del uso indebido de drogas en la comunidad / (Record no. 4592)

MARC details
000 -CABECERA
campo de control de longitud fija 00939nam a2200229 a 4500
001 - NÚMERO DE CONTROL
campo de control 000004786
005 - FECHA Y HORA DE LA ÚLTIMA TRANSACCIÓN
campo de control 20240405184613.0
008 - DATOS DE LONGITUD FIJA--INFORMACIÓN GENERAL
campo de control de longitud fija 090727s2001 dr 000 0 spa d
040 ## - FUENTE DE LA CATALOGACIÓN
Centro catalogador/agencia de origen DO-SdBNP
Lengua de catalogación spa
Centro/agencia transcriptor BNPHU
082 ## - NÚMERO DE LA CLASIFICACIÓN DECIMAL DEWEY
Número de clasificación 362.291
Número de documento/Ítem B324m
049 ## - FONDOS LOCALES (OCLC)
Fondos de biblioteca BNPD
100 1# - ENTRADA PRINCIPAL--NOMBRE DE PERSONA
Nombre de persona Bastardo, Deisy
9 (RLIN) 13907
245 10 - MENCIÓN DE TÍTULO
Título Manual para la prevención del uso indebido de drogas en la comunidad /
Mención de responsabilidad, etc. Deisy Bastardo, María del Carmen Genao ; presentación José Rodríguez Soldevilla.
260 ## - PUBLICACIÓN, DISTRIBUCIÓN, ETC.
Lugar de publicación, distribución, etc. Santo Domingo :
Nombre del editor, distribuidor, etc. Secretaría de Estado de Salud Pública y Asistencia Social,
Fecha de publicación, distribución, etc. 2001.
300 ## - DESCRIPCIÓN FÍSICA
Extensión 116 p. ;
Dimensiones 23 cm.
490 1# - MENCIÓN DE SERIE
Mención de serie Biblioteca de la salud mental
Designación de volumen o secuencia v. 3
500 ## - NOTA GENERAL
Nota general Incluye datos biográficos de las autoras en la contracubierta
650 #4 - PUNTO DE ACCESO ADICIONAL DE MATERIA--TÉRMINO DE MATERIA
Término de materia o nombre geográfico como elemento de entrada Abuso de sustancias
Subdivisión general Prevención
9 (RLIN) 13908
700 1# - PUNTO DE ACCESO ADICIONAL--NOMBRE DE PERSONA
Nombre de persona Genao, María del Carmen
9 (RLIN) 1634
700 1# - PUNTO DE ACCESO ADICIONAL--NOMBRE DE PERSONA
Nombre de persona Rodríguez Soldevilla, José
9 (RLIN) 13909
830 #0 - PUNTO DE ACCESO ADICIONAL DE SERIE-TÍTULO UNIFORME
Título uniforme Biblioteca de la salud mental
Número de parte o sección de la obra no. 3
9 (RLIN) 13910
Holdings
Estado de retiro Estado de pérdida No para préstamo Código de colección Localización permanente Ubicación/localización actual Ubicación en estantería Fecha de adquisición Número de inventario Total de préstamos Signatura topográfica completa Código de barras Fecha visto por última vez Precio válido a partir de Tipo de ítem Koha
    Excluido de préstamo Patrimonio Dominicano Patrimonio Dominicano Patrimonio Dominicano En catalogación 27.07.2009 LF1   362.291 B324m 4786-10 25.06.2020 25.06.2020 Libro y Folleto Colección Patrimonio Dominicano

Powered by Koha